Nicknames of French Cities - Statistics

General Stats
  • This quiz has been taken 32 times
  • The average score is 14 of 20
Answer Stats
Nickname City Hint % Correct
La Ville Lumière(The City of Light) Paris P
100%
La Cité Phocéenne(The Phocaean City) Marseille M
94%
La Capitale Européenne(The European Capital) Strasbourg S
94%
La Capitale des Flandres(The Capital of Flanders) Lille L
87%
La Capitale des Gaules(The Capital of Gauls) Lyon L
87%
La Cité des Ducs(The City of the Dukes) Nantes N
87%
Nissa la Bella(Nissa the Beautiful) Nice N
87%
La Ville Rose(The Pink City) Toulouse T
87%
La Cité des Papes(The City of the Popes) Avignon A
81%
La Belle Endormie(The Sleeping Beauty) Bordeaux B
77%
La Capitale des Alpes(The Capital of the Alps) Grenoble G
71%
La Ville aux Cent Clochers (The City of a Hundred Bells) Rouen R
71%
La Surdouée(The Gifted One) Montpellier M
68%
La Cité des Sacres(The City of Coronations) Reims R
68%
La Rome Française(The French Rome) Nîmes N
65%
La Petite Venise du Nord(Little Venice of the North) Amiens A
61%
La Ville Noire(The Black City) Angers A
48%
La Ville Verte(The Green City) Metz M
39%
La Cité Impériale(The Imperial City) Ajaccio A
35%
La Ville aux Mille Fontaine(The City of a Thousand Fontains) Aix en Provance A
32%
No matching quizzes found
Score Distribution
Percent of People with Each Score
Percentile by Number Answered
Your Score History
You have not taken this quiz